000 01588cam a2200421 i 4500
001 68821
003 Mx-PuUPA
005 20240410104304.0
008 221014s2017 mx a gr 000 0 spa d
020 _a9786072424098
020 _a9789687791760
_qde la colección el barco de vapor
040 _aMx-PuUPA
_bspa
_cMx-PuUPA
_dMx-PuUPA
_erda
041 1 _aspa
_hfre
100 1 _910732
_aFontanel, Béatrice,
_d1957-
_eautor
240 1 0 _aGustave Taloche, roi de la bagarre.
_lEspañol
245 1 0 _aBeto Broncas /
_cBéatrice Fontanel ; ilustraciones de Marc Boutavant ; traducción, Sergio Martínez
250 _aSegunda edición
264 1 _aCiudad de México :
_bSM de Ediciones,
_c2017
300 _a58 páginas :
_bilustraciones ;
_c21 cm
336 _2rdacontent
_atexto
_btxt
336 _2rdacontent
_aimagen fija
_bsti
337 _2rdamedia
_asin medio
_bn
338 _2rdacarrier
_avolumen
_bnc
490 1 _aEl barco de vapor. Blanca ;
_v22 M
521 0 _aPrimeros lectores.
650 7 _2armarc
_aCuentos infantiles
650 7 _2armarc
_aNiños
_xSocialización
_xLiteratura infantil
650 7 _2armarc
_aNiños
_xPsicología
_xLiteratura infantil
650 7 _2armarc
_aNovela francesa
700 1 _aBoutavant, Marc,
_eilustrador
700 1 _aMartínez, Sergio,
_etraductor
765 0 8 _aFontanel, Béatrice, 1957-
_tGustave Taloche, roi de la bagarre.
830 0 _aBarco de vapor
_pBlanca
_v22M
942 _2ddc
_cLI
_h843
_iB2222
999 _c68821
_d68821